000 00245nam a22000857a 4500
008 160704b xxu||||| |||| 00| 0 eng d
100 _91912
_a Nayak, A.K
245 _aClassroom Teaching Methods & Practices
260 _aNew Delhi
_bAPH Publication
_c2004
999 _c1614
_d1614